The kind-hearted little monkey

Bibliographic Details
Format: Book
Published: Selangor : Early Learner Publications , 2005
Series:Value based baby animal stories
Subjects:

MARC

LEADER 00000cam a2200000 7i4500
001 0000002459
005 20220105103936.0
008 070712
020 |a 9833278116(set) 
020 |a 9833278167 
090 0 0 |a JP   |b ANM ENG (2783) 
245 0 4 |a The kind-hearted little monkey 
260 |a Selangor :   |b Early Learner Publications ,   |c 2005 
440 0 |a Value based baby animal stories 
500 |a Children age 4-6 years old (yellow) 
650 0 |a Animals 
650 0 |a Junior preschool   |x English   |x Languages 
999 |a 0000967341   |b Book   |c Children Collection   |e Perbadanan Perpustakaan Awam Johor 
999 |a 0000967342   |b Book   |c Children Collection   |e Cawangan Taman Universiti 
999 |a 0000967343   |b Book   |c Children Collection   |e Cawangan Taman Universiti 
999 |a 0000977368   |b Book   |c Children Collection   |e Perbadanan Perpustakaan Awam Johor 
999 |a 0000977369   |b Book   |c Children Collection   |e Perbadanan Perpustakaan Awam Johor 
999 |a 0000977370   |b Book   |c Children Collection   |e Cawangan Taman Universiti 
999 |a 0001139217   |b Book   |c Children Collection   |e Cawangan Bandar Penawar